|
|
|
|
| LEADER |
01138nab a2200313 i 4500 |
| 001 |
publ18783 |
| 005 |
20201124093218.0 |
| 008 |
200602s2020 hu o 0|| zxx d |
| 022 |
|
|
|a 1022-5528
|
| 024 |
7 |
|
|a 10.1007/s11244-020-01273-4
|2 doi
|
| 024 |
7 |
|
|a 31319854
|2 mtmt
|
| 040 |
|
|
|a SZTE Publicatio Repozitórium
|b hun
|
| 041 |
|
|
|a zxx
|
| 100 |
1 |
|
|a Le Giang H.
|
| 245 |
1 |
0 |
|a Cu–Fe Incorporated Graphene-Oxide Nanocomposite as Highly Efficient Catalyst in the Degradation of Dichlorodiphenyltrichloroethane (DDT) from Aqueous Solution
|h [elektronikus dokumentum] /
|c Le Giang H.
|
| 260 |
|
|
|c 2020
|
| 300 |
|
|
|a 1314-1324
|
| 490 |
0 |
|
|a TOPICS IN CATALYSIS
|v 63 No. 11-14
|
| 700 |
0 |
1 |
|a Nguyen Tuan T.
|e aut
|
| 700 |
0 |
1 |
|a Nguyen Manh B.
|e aut
|
| 700 |
0 |
1 |
|a Quan Trang T. T.
|e aut
|
| 700 |
0 |
1 |
|a Nguyen Trinh Duy
|e aut
|
| 700 |
0 |
1 |
|a Sápi András
|e aut
|
| 700 |
0 |
1 |
|a Szenti Imre
|e aut
|
| 700 |
0 |
1 |
|a Mutyala Suresh
|e aut
|
| 700 |
0 |
1 |
|a Kukovecz Ákos
|e aut
|
| 700 |
0 |
1 |
|a Kónya Zoltán
|e aut
|
| 700 |
0 |
1 |
|a Vu Tuan A.
|e aut
|
| 856 |
4 |
0 |
|u http://publicatio.bibl.u-szeged.hu/18783/1/Le2020_Article_CuFeIncorporatedGraphene-Oxide.pdf
|z Dokumentum-elérés
|